| 000 | 00477nam a2200169 a 4500 | ||
|---|---|---|---|
| 001 | 2602 | ||
| 003 | CDMR | ||
| 005 | 20130319120327.0 | ||
| 008 | 130130s1997||||||||||||||||||||||||||||d | ||
| 020 | _a847935447X | ||
| 040 |
_aCDMR _bcat _cCPC LLEIDA |
||
| 245 | 0 | 0 |
_aLlorenç Villalonga _b: camins creuats IV : homenatge a Víctor Siurana _cÀngels Santa (ed.) |
| 260 |
_aLleida _c1997 _bPagès |
||
| 490 | 0 |
_aEl Fil d'Ariadna _v28 |
|
| 700 | 1 |
_9238 _aSanta, Àngels |
|
| 942 |
_cMON _2udc |
||
| 999 |
_c2602 _d2602 |
||